Eğitim bilimine giriş (Record no. 17554)

000 -LEADER
fixed length control field 01459nmm a2200385 a 4500
001 - CONTROL NUMBER
control field ocm0001917366
003 - CONTROL NUMBER IDENTIFIER
control field TR-IsHL
005 - DATE AND TIME OF LATEST TRANSACTION
control field 20201028173139.0
008 - FIXED-LENGTH DATA ELEMENTS--GENERAL INFORMATION
fixed length control field 180907s2018 tu tur
007 - PHYSICAL DESCRIPTION FIXED FIELD--GENERAL INFORMATION
fixed length control field cr cn
020 ## - INTERNATIONAL STANDARD BOOK NUMBER
International Standard Book Number 9789752475588
035 ## - SYSTEM CONTROL NUMBER
System control number 1917366
-- (N$T)
050 04 - LIBRARY OF CONGRESS CALL NUMBER
Classification number LB14.7
Item number .E35 2018
090 04 - LOCALLY ASSIGNED LC-TYPE CALL NUMBER (OCLC); LOCAL CALL NUMBER (RLIN)
Classification number (OCLC) (R) ; Classification number, CALL (RLIN) (NR) LB14.7
Local cutter number (OCLC) ; Book number/undivided call number, CALL (RLIN) .E35 2018
245 10 - TITLE STATEMENT
Title Eğitim bilimine giriş
Medium [electronic resource] /
Statement of responsibility, etc. editör Doç. Dr. Asım Arı ; Yazarlar Yrd. Doç. Dr. Yeliz Temli Durmuş Yrd. Doç. Dr. Semra Kıranlı Güngör Yrd. Doç. Dr. Hakan Gülveren Yrd. Doç. Dr. Abdullah Mert Yrd. Doç. Dr. Kamil Uygun Yrd. Doç. Dr. Hamit Özen Yrd. Doç. Dr. Mehmet Koçyiğit Arş. Gör. Zeynep Akın Demircan
260 ## - PUBLICATION, DISTRIBUTION, ETC.
Place of publication, distribution, etc. Konya :
Name of publisher, distributor, etc. Eğitim Yayınevi ,
Date of publication, distribution, etc. 2018
300 ## - PHYSICAL DESCRIPTION
Extent 288 p.
650 #4 - SUBJECT ADDED ENTRY--TOPICAL TERM
Topical term or geographic name entry element Eğitim
650 #4 - SUBJECT ADDED ENTRY--TOPICAL TERM
Topical term or geographic name entry element Education
650 #0 - SUBJECT ADDED ENTRY--TOPICAL TERM
Topical term or geographic name entry element Eğitim
General subdivision Türkiye
650 #0 - SUBJECT ADDED ENTRY--TOPICAL TERM
Topical term or geographic name entry element Education
General subdivision Turkey
650 #0 - SUBJECT ADDED ENTRY--TOPICAL TERM
Topical term or geographic name entry element Öğretmenler
General subdivision Yetiştirilmesi
-- Türkiye.
650 #0 - SUBJECT ADDED ENTRY--TOPICAL TERM
Topical term or geographic name entry element Teachers
General subdivision Training of
-- Turkey.
650 #7 - SUBJECT ADDED ENTRY--TOPICAL TERM
Topical term or geographic name entry element EDUCATION / Higher
Source of heading or term bisacsh
700 1# - ADDED ENTRY--PERSONAL NAME
Personal name Arı, Asım
700 1# - ADDED ENTRY--PERSONAL NAME
Personal name Durmuş, Yeliz Temli
700 1# - ADDED ENTRY--PERSONAL NAME
Personal name Güngör, Semra Kıranlı
700 1# - ADDED ENTRY--PERSONAL NAME
Personal name Gülveren, Hakan
700 1# - ADDED ENTRY--PERSONAL NAME
Personal name Mert, Abdullah
700 1# - ADDED ENTRY--PERSONAL NAME
Personal name Uygun, Kamil
700 1# - ADDED ENTRY--PERSONAL NAME
Personal name Özen, Hamit
700 1# - ADDED ENTRY--PERSONAL NAME
Personal name Koçyiğit, Mehmet
700 1# - ADDED ENTRY--PERSONAL NAME
Personal name Demircan, Zeynep Akın
856 40 - ELECTRONIC LOCATION AND ACCESS
Uniform Resource Identifier <a href="http://search.ebscohost.com/login.aspx?direct=true&scope=site&db=e011xww&AN=1917366">http://search.ebscohost.com/login.aspx?direct=true&scope=site&db=e011xww&AN=1917366</a>
Holdings
Withdrawn status Lost status Source of classification or shelving scheme Damaged status Not for loan Collection code Permanent Location Current Location Date acquired Total Checkouts Full call number Barcode Date last seen Price effective from Koha item type
        Online   Kıbrıs Amerikan Üniversitesi Kütüphanesi / American University of Cyprus Kıbrıs Amerikan Üniversitesi Kütüphanesi / American University of Cyprus 28.10.2020   LB14.7 .E35 2018 1917366 28.10.2020 28.10.2020 E-Kitap
Devinim Yazılım Eğitim Danışmanlık tarafından Koha'nın orjinal sürümü uyarlanarak geliştirilip kurulmuştur.